Domáci lekár (Record no. 21332)
[ view plain ]
| 000 -LEADER | |
|---|---|
| fixed length control field | 02606cam a2200661 a 4500 |
| 001 - CONTROL NUMBER | |
| control field | 21332 |
| 003 - CONTROL NUMBER IDENTIFIER | |
| control field | VRT |
| 005 - DATE AND TIME OF LATEST TRANSACTION | |
| control field | 20260227133317.0 |
| 006 - FIXED-LENGTH DATA ELEMENTS--ADDITIONAL MATERIAL CHARACTERISTICS | |
| fixed length control field | aa grf 001 0 |
| 008 - FIXED-LENGTH DATA ELEMENTS--GENERAL INFORMATION | |
| fixed length control field | 220422s2004 xo a grf 00100 slo |
| 020 ## - INTERNATIONAL STANDARD BOOK NUMBER | |
| International Standard Book Number | 808898341X |
| Qualifying information | (viazané) |
| 035 ## - SYSTEM CONTROL NUMBER | |
| System control number | SNK000423368 |
| 035 ## - SYSTEM CONTROL NUMBER | |
| System control number | 2FB8314C-E9F1-4005-900D-CAE6ABFE07D7 |
| 035 ## - SYSTEM CONTROL NUMBER | |
| System control number | urn:nbn:sk:snk-am00glxq |
| 035 ## - SYSTEM CONTROL NUMBER | |
| System control number | urn:nbn:sk:snk-am3ixf9 |
| 035 ## - SYSTEM CONTROL NUMBER | |
| System control number | 1CEEAC8A-C824-4608-8292-7E795DA0B1DC |
| 035 ## - SYSTEM CONTROL NUMBER | |
| System control number | urn:nbn:sk:snk-am00g49c |
| 039 #9 - LEVEL OF BIBLIOGRAPHIC CONTROL AND CODING DETAIL [OBSOLETE] | |
| Level of rules in bibliographic description | 202204221328 |
| Level of effort used to assign nonsubject heading access points | VLOAD |
| Level of effort used to assign subject headings | 202201070921 |
| Level of effort used to assign classification | VLOAD |
| Level of effort used to assign subject headings | 202201051632 |
| Level of effort used to assign classification | VLOAD |
| Level of effort used to assign subject headings | 202104291602 |
| Level of effort used to assign classification | msnk03 |
| 040 ## - CATALOGING SOURCE | |
| Original cataloging agency | SNK |
| Language of cataloging | slo |
| Transcribing agency | SNK |
| Description conventions | AACR2 |
| 041 1# - LANGUAGE CODE | |
| Language code of text/sound track or separate title | slo |
| Language code of original | eng |
| 044 ## - COUNTRY OF PUBLISHING/PRODUCING ENTITY CODE | |
| MARC country code | xo |
| ISO country code | SK |
| 072 #7 - SUBJECT CATEGORY CODE | |
| Subject category code | 616 |
| Subject category code subdivision | Patológia. Klinická medicína |
| Source | konspekt |
| 072 #7 - SUBJECT CATEGORY CODE | |
| Subject category code | 613 |
| Subject category code subdivision | Hygiena. Ľudské zdravie |
| Source | konspekt |
| 080 ## - UNIVERSAL DECIMAL CLASSIFICATION NUMBER | |
| Universal Decimal Classification number | 616.1/.9 |
| Edition identifier | 2011 |
| 080 ## - UNIVERSAL DECIMAL CLASSIFICATION NUMBER | |
| Universal Decimal Classification number | 613 |
| Edition identifier | 2011 |
| 080 ## - UNIVERSAL DECIMAL CLASSIFICATION NUMBER | |
| Universal Decimal Classification number | (035) |
| Edition identifier | 2011 |
| 080 ## - UNIVERSAL DECIMAL CLASSIFICATION NUMBER | |
| Universal Decimal Classification number | 616-084 |
| Edition identifier | 2011 |
| 080 ## - UNIVERSAL DECIMAL CLASSIFICATION NUMBER | |
| Universal Decimal Classification number | 616-07 |
| Edition identifier | 2011 |
| 080 ## - UNIVERSAL DECIMAL CLASSIFICATION NUMBER | |
| Universal Decimal Classification number | 615.89 |
| Edition identifier | 2011 |
| 130 0# - MAIN ENTRY--UNIFORM TITLE | |
| Uniform title | Books of home remedies |
| Language of a work | Slovensky |
| 245 10 - TITLE STATEMENT | |
| Title | Domáci lekár |
| Remainder of title | tisíce návodov a postupov, ako doma liečiť rôzne choroby a neduhy |
| Statement of responsibility, etc. | zostavili redaktori nakladateľstva Prevence v spolupráci s vyše päťsto americkými lekármi a ďalšími odborníkmi ; hlavná redaktorka: Debora Tkacová ; z anglického originálu preložila Anna Weidlerová |
| 250 ## - EDITION STATEMENT | |
| Edition statement | 1. vydanie |
| 260 ## - PUBLICATION, DISTRIBUTION, ETC. | |
| Place of publication, distribution, etc. | Bratislava |
| Name of publisher, distributor, etc. | Partons/Walton/Press |
| Date of publication, distribution, etc. | 2004 |
| 300 ## - PHYSICAL DESCRIPTION | |
| Extent | 656 strán |
| Other physical details | ilustrácie |
| Dimensions | 24 cm |
| Accompanying material | 1 príloha |
| 490 1# - SERIES STATEMENT | |
| Series statement | Lekár vám radí |
| 500 ## - GENERAL NOTE | |
| General note | Vydavateľ podľa ISBN Reader's Digest Výber |
| 504 ## - BIBLIOGRAPHY, ETC. NOTE | |
| Bibliography, etc. note | Obsahuje register |
| 650 07 - SUBJECT ADDED ENTRY--TOPICAL TERM | |
| Topical term or geographic name entry element | choroby |
| Source of heading or term | SNKPH |
| 650 07 - SUBJECT ADDED ENTRY--TOPICAL TERM | |
| Topical term or geographic name entry element | starostlivosť o zdravie |
| Source of heading or term | SNKPH |
| 650 07 - SUBJECT ADDED ENTRY--TOPICAL TERM | |
| Topical term or geographic name entry element | prevencia ochorení |
| Source of heading or term | SNKPH |
| 650 07 - SUBJECT ADDED ENTRY--TOPICAL TERM | |
| Topical term or geographic name entry element | diagnostika (medicína) |
| Source of heading or term | SNKPH |
| 650 07 - SUBJECT ADDED ENTRY--TOPICAL TERM | |
| Topical term or geographic name entry element | ľudové liečiteľstvo |
| Source of heading or term | SNKPH |
| 655 #7 - INDEX TERM--GENRE/FORM | |
| Genre/form data or focus term | príručky |
| Source of term | SNKPH |
| 700 1# - ADDED ENTRY--PERSONAL NAME | |
| Personal name | Tkacová, Debora |
| Relationship | red |
| 700 1# - ADDED ENTRY--PERSONAL NAME | |
| Personal name | Weidlerová, Anna |
| Relationship | trl |
| 710 2# - ADDED ENTRY--CORPORATE NAME | |
| Corporate name or jurisdiction name as entry element | Reader's Digest Výber |
| Relationship | pbl |
| 830 #0 - SERIES ADDED ENTRY--UNIFORM TITLE | |
| Uniform title | Lekár vám radí |
| 910 ## - USER-OPTION DATA (OCLC) | |
| User-option data | snk |
| 942 ## - ADDED ENTRY ELEMENTS (KOHA) | |
| Source of classification or shelving scheme | Dewey Decimal Classification |
| Koha item type | Odborná literatúra pre dospelých |
| Suppress in OPAC | No |
| 949 ## - LOCAL PROCESSING INFORMATION (OCLC) | |
| 6 | 17A0412578 |
| a | snkSC 114569 |
| b | snkKSP 1916/2004 |
| s | 6100:20210716 |
| 949 ## - LOCAL PROCESSING INFORMATION (OCLC) | |
| 6 | 17A0405150 |
| 9 | snkDOM 613 |
| a | snkSC 114569 D2 |
| b | snkK 86/2004 |
| 949 ## - LOCAL PROCESSING INFORMATION (OCLC) | |
| 6 | 17A0415000 |
| a | snkSC 114569/príl. |
| b | snkKSP 1916/2004 |
| s | 6100:20210716 |
| 949 ## - LOCAL PROCESSING INFORMATION (OCLC) | |
| 6 | 17A0405212 |
| 9 | snkDOM 613 príl. |
| a | snkSC 114569/ príl. D2 |
| b | snkK 86/2004 |
| 949 ## - LOCAL PROCESSING INFORMATION (OCLC) | |
| 6 | 17A0443752 |
| a | snkSC 114569 D1 |
| b | snkKSP 12309/2004 |
| 949 ## - LOCAL PROCESSING INFORMATION (OCLC) | |
| 6 | 2889045217 |
| a | savukS 130555 |
| 949 ## - LOCAL PROCESSING INFORMATION (OCLC) | |
| 6 | 273K0106419 |
| a | svkpoB 74223 |
| b | svkpo475619 |
| 949 ## - LOCAL PROCESSING INFORMATION (OCLC) | |
| 6 | 2889369588 |
| a | savukPV 7658 |
| q | bez prílohy |
| r | bez prílohy |
No items available.
